000 00764cam a22002531 4500
001 17587
003 BD-RjUL
005 20211209000150.0
008 140217t1966 ilu 001 0 eng
035 _a(BD-RjUL)17645
035 _a(OCoLC)283688
040 _aDLC
_cOHirC
_dOUrC
_dOCoLC
_dUk
_dDLC
_dBD-RjUL
_beng
041 _aeng
082 0 0 _a807
_bHII 1966
100 1 _aHill, Knox C.
_954214
245 1 0 _aInterpreting literature :
_bhistory, drama and fiction, philosophy, rhetoric /
_cby Knox C. Hill.
260 _aChicago :
_bUniversity of Chicago Press,
_cc1966.
300 _avii, 194 p. ;
_c21 cm.
504 _aincludes index.
650 0 _aLiterature
_xStudy and teaching.
_954215
942 _2ddc
_cBK
999 _c17587
_d17587